Which country is this town or city in? (10) - Statistics

General Stats
  • This quiz has been taken 49 times
    30 since last reset
  • The average score is 15 of 20
Answer Stats
City/Town Country % Correct
Adelaide Australia
100%
Shenzhen China
100%
Sao Paulo Brazil
96%
Winnipeg Canada
96%
Johannesburg South Africa
96%
Rhodes Greece
92%
Krakow Poland
92%
Kharkiv Ukraine
92%
Des Moines USA
92%
Gothenburg Sweden
85%
Bremerhaven Germany
81%
Eindhoven Netherlands
81%
Jodhpur India
73%
Rosario Argentina
69%
Daegu South Korea
65%
Apia Samoa
54%
Livingstone Zambia
50%
Turku Finland
46%
Wishaw United Kingdom
35%
Biel Switzerland
31%
No matching quizzes found
Score Distribution
Percent of People with Each Score
Percentile by Number Answered
Your Score History
You have not taken this quiz since the last reset